1692 1270 1278 1525 1502 1790 1373 1270 1266 1463 1648 1130 1493 1751 1562 1246 1227 1387 1538 1204 1100 1128 1700 1914 1271 1820 1179 1397 1715 1091 1483 1532 1854 1216 1831 1431 1414 1404 1958 1080 1696 1149 1850 1547 1695 1843 1975 1889 1293 1219 1525 1054 1209 1053 1778 1397 1034 1347 1092 1449 1532 1966 1666 1334 1959 1083 1203 1422 1598 1580 1609 1849 1523 1527 1089 1403 1268 1128 1223 1894 1015 1665 1116 1632 1562 1088 1187 1815 1133 1325 1318 1845 1097 1521 1435 1503 1392 1670 1254 BCNSPRNW ULIB Ver.6.0+V

เปลี่ยนเป็นภาษาไทย

Change to English
 แสดงรายละเอียดบรรณานุกรม
  กลับหน้าหลัก

Brief Record : Get Marc (ISO 2709) : E-mail record : QR code < ปิดหน้าต่าง
LEADER : 00000nam 2200000uu 4500
001    13399128889
003     ULIB
008    241024s2023||||th 000 0 tha d
020    ^a9780323827973
060 04 ^aQV4^bS938
245 10 ^aStudy guide for Pharmacology and the nursing process,sixth edition, Linda Lane Lilley ... /^cstudy guideprepared by Julie S. Snyder : study skills by DianeSavoca.
250    ^a10th ed.
260    ^aSt. Louis, Mo. :^bMosby/Elsevier,^c2023
300    ^aiv, 939 p. ;^c28 cm.
650  2 ^aDrugs
650  2 ^aDrug Therapy^xNurses Instruction
650  2 ^aNursing.
650  2 ^aPharmacology
650  2 ^aPharmacology^xExamination Questions
650  2 ^aPharmaceutical Preparations^xadministration & dosage^xNurses Instruction
700 1  ^aLilley, Linda Lane
700 1  ^aSnyder, Julie S
700 1  ^aSavoca, Diane
700 1  ^aLilley, Linda Lane^tPharmacology and the nursing process.
945    ^p3697^l0^i011136
999    ^aประนอม เกษจรัล
รายการนี้ยังไม่มีแท็ก
คุณยังไม่ได้ล็อกอิน คุณสามารถมีกิจกรรมร่วมกับเว็บไซต์ได้ แต่ต้องล็อกอินก่อน ::
  ล็อกอิน

รายการสื่อสารสนเทศ

ลำดับที่ ประเภท เลขเรียก/บาร์โค้ด สถานที่ สถานะ
1. วิทยาศาสตร์การแพทย์ และสุขภาพ
หนังสือสำรอง
สถานะ=หนังสือสำรอง
QV4 S938 ฉ.1 
  Barcode: 011136
ห้องสมุดวิทยาเขตสวรรค์ประชารักษ์
►หนังสือทั่วไป
บนชั้น

รายการใกล้เคียง
    หัวเรื่อง [Drugs]
    หัวเรื่อง [Nursing.]
    หัวเรื่อง [Pharmacology]

BibComment


ยังไม่เคยถูกคอมเมนท์

คอมเมนท์ทรัพยากรรายการนี้
  คอมเมนท์: Study guide for ..


 Copyright 2026. Bcnsprnw @Library